| 000 | 00689nam a2200229 a 4500 | ||
|---|---|---|---|
| 005 | 20230831063542.0 | ||
| 008 | 050209s1999 mx r 000 0 spa d | ||
| 020 | _a8477386277 | ||
| 035 | _aUPN01000137997 | ||
| 049 | _aCG | ||
| 050 | 4 |
_aQB981 _bR5.7 |
|
| 100 | 1 | _aRioja, Ana | |
| 245 | 1 | 0 |
_aTeorías del universo / _cAna Rioja, Javier Ordóñez. |
| 260 |
_aMadrid : _bSíntesis, _c1999. |
||
| 300 | _av. | ||
| 440 | 0 |
_aFilosofía ; _v6, 7 |
|
| 505 | 8 |
_aContenido : _gv.1. _tDe los pitagóricos a Galileo -- _gv.2. _tDe Galileo a Newton |
|
| 650 | 4 |
_aCOSMOLOGIA - _vCURIOSA Y MISCELANEA _94626 |
|
| 650 | 4 |
_aCosmología _9263 |
|
| 700 | 1 |
_aOrdóñez, Javier, _ecoaut. |
|
| 905 | _aLibro | ||
| 999 |
_c110148 _d110148 |
||